000 01164nam a2200301Ia 4500
001 A8132
003 IT-RoPAU
008 130308s9999 xx 000 0 und d
040 _aIT-RoPAU
040 _cIT-RoPAU
041 _aITALIANO
100 _aTerrin Aldo Natale
100 _gCodice Aut. SPICS: 32969
245 _aDimensione ecologica ed etologica del rito in rapporto all'esperienza del sacro
245 _bLiturgia soglia dell'Esperienza di Dio?
250 _a1a ed.
260 _aPADOVA
260 _bMessaggero
260 _c1982 [1° Ed.:1982 - Ed.Ling.Originale:1981]
300 _a"30 p. (prefazione: no ; testo: 30 [pagine: 137-166])"
500 _aSfondo Simbolico Naturale su Cui S'Inseriscono I Riti: Spunti di Caratterestorico Religioso. sfondo Biologico Sociale in Cui S'Inseriscono maggiormente Altri riti Presenti nelle Religioni. Cultura o Natura Nei riti Religiosi?: una falsa Alternativa. Tesi e Proposta finale di Comprensione dei riti religiosi in Chiave Ecologica ed Etologica.
650 _aSAGGI DI LITURGIA
650 _eCodice materia Spics: 9160
942 _cBK
957 _71
999 _c63609
_d63609
999 _bSI
999 _g1